| 000 | 00442nam a22001217a 4500 | ||
|---|---|---|---|
| 008 | 230918b |||||||| |||| 00| 0 eng d | ||
| 020 | _a978-1527103634 | ||
| 050 |
_aBV2540 _b.R73 2019 |
||
| 245 |
_aPreaching without fear or favour : _bPreviously unpublished sermons on Hebrews II By Robert Bruce _cTranslated and edited by David Searle |
||
| 260 |
_aGreat Britain _bChristian Heritage Imprint _c2019 |
||
| 300 | _axlvii, 600p. | ||
| 942 |
_2lcc _cBK |
||
| 999 |
_c20291 _d20290 |
||